Statistics for Click to Translate - Swedish

Click here to take the quiz!

General Stats

  • This quiz has been taken 2,783 times
  • The average score is 15 of 20

Answer Stats

HintAnswer% Correct
SwedenSverige
95%
IceIs
89%
NightNatt
88%
FlightFlyg
87%
RainRegn
84%
EatÄta
79%
NextNästa
79%
MouthMun
78%
FiveFem
75%
RiverFlod
73%
ExitUtgång
72%
HorseHäst
71%
SaturdayLördag
70%
ScienceVetenskap
69%
YellowGul
68%
HolidaySemester
66%
WeekVecka
65%
BeerÖl
64%
LargeStor
56%
PorkFläsk
50%

Score Distribution

Percentile by Number Answered

Percent of People with Each Score

Your Score History

You have not taken this quiz